| 000 | 00999nam0a22002651 4500 | ||
|---|---|---|---|
| 001 | rc\4267919 | ||
| 005 | 20250612033747.0 | ||
| 021 |
_aRU _b[67-71907] |
||
| 035 | _a(NLR Aleph) 008486683 | ||
| 090 |
_a8024140 _c8024140 |
||
| 100 | _a20130416d1967 |||y0rusy50 ca | ||
| 101 | 0 | _arus | |
| 102 | _aRU | ||
| 105 | _ay z |||h| | ||
| 200 | 1 |
_aСтруктурно-семантические процессы в русской речи _e(Синтаксис предложных конструкций) _fАН УССР. Ин-т языковедения им. А.А. Потебни |
|
| 210 |
_aКиев _cНаукова думка _d1967 |
||
| 215 |
_a126 с. _d20 |
||
| 606 |
_aРусский язык _xСинтаксис _2psbo |
||
| 606 |
_aПредложение в русском языке _2psbo |
||
| 700 | 1 |
_aБолдырев _bР.В. _gРостислав Васильевич |
|
| 801 | 0 |
_aRU _bNLR _gpsbo |
|
| 801 | 1 |
_aRU _bELAR _2rusmarc |
|
| 852 |
_aNLR _j67-3/4960 |
||
| 942 | _cBOOK | ||
| 980 | _aNB | ||